000 00482nam a2200181Ia 4500
008 240925s9999 xx 000 0 und d
020 _a824775252
082 _a538.58 RAD
100 _aRadziemski, Leon J.
245 0 _aLaser Spectroscopy and Its Applications
250 _aNA
260 _aNew York:
_bMarcel Deker inc
_c,1987.
300 _axiii,341p.
_b11
_fOriginal
500 _aIncludes Index
600 _aHumanities & Natural Science
650 _aPhysics
942 _cBK
999 _c4419
_d4419